| 000 | 01301 a2200229 4500 | ||
|---|---|---|---|
| 003 | Nust | ||
| 005 | 20220726160424.0 | ||
| 010 | _a 2003099324 | ||
| 020 | _a0672326515 (pbk.) | ||
| 040 | _cNust | ||
| 082 | 0 | 0 | _a005.8,ROS |
| 100 | 1 |
_aRosenberg, Jonathan B., _995326 |
|
| 245 | 1 | 0 |
_aSecuring Web services with WS-Security : _bdemystifying WS-Security, WS-Policy, SAML, XML Signature, and XML Encryption / _cJothy Rosenberg, David L. Remy. |
| 260 |
_aIndianapolis, IN : _bSAMS, _cc2004. |
||
| 300 |
_axiv, 378 p. : _bill. ; _c23 cm. |
||
| 505 | _aBasic concepts of web services security (Page-5),The foundations of web services (Page-25),The foundations of distributed message-level security (Page-69), Safeguarding the identity and integrity of XML messages (Page-105), Ensuring confidentiality of XML messages (Page-147), Portable identity authentication and authorization (Page-177), Building security (Page-201), Communication security policy (Page-235), Trust access control and rights for web services (Page-235), Building a secure web service using BEA's Weblogic workshop (Page-293). | ||
| 650 | 0 |
_aComputer networks _xSecurity measures. _9466 |
|
| 650 | 0 |
_aWeb services. _994192 |
|
| 650 | 0 |
_aWeb sites _xSecurity measures. _995327 |
|
| 700 | 1 |
_aRemy, David L. _995328 |
|
| 942 |
_cREF _2ddc |
||
| 999 |
_c219424 _d219424 |
||